00677nam a2200193Ia 450000500170000000800410001702000180005804000130007608200150008910000230010424500710012726000350019830000200023354600120025365000360026594200070030195201580030899900170046620260410153707.0231207s9999 xx 000 0 und d a9780201696844 cPK-LaNCA a006.6bKIT aKitchens, Susan A. 4aThe QuickTime VR book : creating immersive imaging on your desktop bPeachpit PressaBerkeleyc1998 axxii, 260pbill aEnglish aDigital movies. Desktop images. cBK 0010406006_600000000000000_KIT_1775970913694aNCAbNCAcLibrary Basement d2023-12-08l0o006.6 KIT 17759p17759r2023-12-08 00:00:00w2023-12-08yBK c13694d13694